000 00397nam a2200145Ia 4500
008 100122s9999 xx 000 0 und d
082 _b53056
_a823.08
100 _aजोगळेकर योगिनी
245 _aशर्यत
260 _bमनोरमा प्रकाशन
_c1996
300 _a172
630 _aशर्यत
730 _aशर्यत
942 _cBOOK
999 _c430175
_d430172